İnsan kaynakları (Record no. 4603)

MARC details
000 -BAŞLIK
Sabit Uzunlukta Kontrol Alanı 00740na a2200265 4500
001 - KONTROL NUMARASI
Denetim Alanı 23150
003 - KONTROL NUMARASI IDENTIFIER
Denetim Alanı MIRAKIL
005 - SON İŞLEM TARİHİ VE ZAMANI
Denetim Alanı 20181213155012.0
008 - SABİT-BOY VERİ ELEMANLARI - GENEL BİLGİLER
Sabit Uzunlukta Kontrol Alanı 170721b tu 000 0
020 ## - ULUSLARARASI STANDART KİTAP NUMARASI
Uluslararası Standart Kitap Numarası 9786054048144
040 ## - KATALOGLAMA KAYNAK
Orijinal Kataloglama Ajansı Milas
Kataloglama Dili tur
Metne Dönüştürmek Ajansı TR-AnCHP
041 ## - DİL KODU
Metin / Ses Parça Veya Ayrı Başlığın Dil Kodu tur
082 ## - DEWEY ONLU SINIFLANDIRMA NUMARASI
Sınıflandırma Numarası 658.301
Ürün Numarası İ57 2009
090 ## - SINIFLAMA NUMARASI
Sınıflama Numarası 658.301 İ57 2009
245 ## - BAŞLIK TABLOSU
Başlık İnsan kaynakları
Sorumluluk Tablosu, Vb proje İrfan Çiçek; Eğitmen Canan Çetin
260 ## - YAYIN, DAĞITIM, VB
Yayın, Dağıtım, Vb Yeri İstanbul
Yayıncı, Dağıtıcı, Vs Adı kitapdostu yayınları
Yayın, Dağıtım, Vb Tarihi 2009
300 ## - FİZİKSEL TANIM
Kapsam 78 s.
Diğer Fiziksel Ayrıntıları fotğ.
Boyutlar 19 sm.
440 ## - SERİSİ TABLOSU / KATMA GİRİŞİ - BAŞLIK
Başlık kitapdostu yayınları
Hacim / Ardışık Tanımı 12
490 ## - SERİSİ TABLOSU
Seri Beyanı Kişisel gelişim
Hacim / Ardışık Tanımı 5
650 ## - KONU KATMA GİRİŞ - TOPİKAL DÖNEM
Topikal Süreli Veya Coğrafi Ad Giriş Elemanı Kişisel Gelişim
650 ## - KONU KATMA GİRİŞ - TOPİKAL DÖNEM
Topikal Süreli Veya Coğrafi Ad Giriş Elemanı İnsan kaynakları
700 ## - KATMA GİRİŞ - KİŞİSEL İSİM
Kişisel Ad Çetin, Canan
700 ## - KATMA GİRİŞ - KİŞİSEL İSİM
Kişisel Ad Çiçek, İrfan
942 ## - EKLENDİ GİRİŞ ELEMANLARI (KOHA)
Sınıflandırma Veya Raf Düzeni Kaynak Dewey Decimal Classification
Koha Öğesi Türü Books
999 ## - SİSTEM KONTROL NUMARALARI (KOHA)
Koha Biblionumber 4603
Koha Biblioitemnumber 4603
Holdings
Kalıcı Konum Mevcut Konum Edinme Tarihi Edinim Kaynak Toplam Check-Out'Lar Tam Çağrı Numarası Barkod Tarih Son Görülme İtibaren Geçerli Fiyatlar Koha Öğesi Türü
CHP Kütüphanesi CHP Kütüphanesi 07/21/2017 Bağış   658.301 İ57 2009 017128 07/21/2017 07/21/2017 Books